Statistics for U.K. General Knowledge MC #2

Click here to take the quiz!

General Stats

  • This quiz has been taken 1,145 times
  • The average score is 8 of 15

Answer Stats

QuestionAnswer% Correct
Which green vegetable is traditionally served with fish and chips ?Peas
93%
Which city is traditionally known as the centre of the pottery industry ?Stoke-on-Trent
87%
Which Liverpool club was frequented by "The Beatles" ?The Cavern
75%
Which monarch was known as "Mad King _____" ?George III
67%
Which major city is served by Moor Street, New Street and Snow Hill railway stations ?Birmingham
63%
Which island is reached by a tidal causeway called "The Pilgrims Way" ?Lindisfarne
63%
Which controversial punk rock band had a hit in 1977 with the song "Holidays in the Sun" ?Sex Pistols
60%
The ship "MV Mi Amigo" was used as what ?Pirate Radio Station "Radio Caroline"
57%
What is the name of the Red Dragon on the Welsh National Flag ?Cadwaladr
43%
In feet, what is the height of the United Kingdoms highest mountain, Ben Nevis ?4,411
40%
It is well known that William Shakespeare married Anne Hathaway, but how many children did they have?3
35%
Which London museum has the most visitors (2017 figures)?British Museum
35%
What island was the first to be formally claimed for the British Empire in 1583 ?Newfoundland
27%
From which South Coast port would you catch a ferry to Dieppe, France ?Newhaven
26%
What is the largest lake by area in the United Kingdom ?Lough Neagh
18%

Score Distribution

Percentile by Number Answered

Percent of People with Each Score

Your Score History

You have not taken this quiz